[Event "FRA-chT Top 12"]
[Site "Montpellier"]
[Date "2015.06.08"]
[Round "10.8"]
[White "Guichard, Pauline"]
[Black "Veillerette, Chantal"]
[Result "1-0"]
[WhiteElo "2367"]
[BlackElo "1754"]
[PlyCount "47"]
[EventDate "2015.05.30"]
[EventType "team-tourn"]
[EventRounds "11"]
[EventCountry "FRA"]
[SourceTitle "CBM 166 Extra"]
[Source "ChessBase"]
[SourceDate "2015.06.18"]
[SourceVersion "1"]
[SourceVersionDate "2015.06.18"]
[SourceQuality "1"]
[WhiteTeam "Bois Colombes"]
[BlackTeam "Chalons en Champagne"]
[WhiteTeamCountry "FRA"]
[BlackTeamCountry "FRA"]

1. d4 Nf6 2. c4 g6 3. Nc3 Bg7 4. e4 d6 5. Be2 0-0 6. Bg5 c5 7. d5 h6 8. Be3 Na6 9. Qd2 Kh7 10. f3 Nc7 11. g4 Nfe8 12. h4 h5 13. gxh5 gxh5 14. Nh3 Bxh3 15. Rxh3 Qd7 16. Rg3 Bf6 17. 0-0-0 Rg8 18. Rxg8 Kxg8 19. Rg1+ Kh7 20. e5 dxe5 21. Bd3+ Kh8 22. Bd4 Bg7 23. Rxg7 Nxg7 24. Qh6+ 1-0

[Event "FRA-chT Top 12"]
[Site "Montpellier"]
[Date "2015.06.07"]
[Round "9.8"]
[White "Veillerette, Chantal"]
[Black "Choisy, Mathilde"]
[Result "0-1"]
[WhiteElo "1754"]
[BlackElo "2182"]
[PlyCount "102"]
[EventDate "2015.05.30"]
[EventType "team-tourn"]
[EventRounds "11"]
[EventCountry "FRA"]
[SourceTitle "CBM 166 Extra"]
[Source "ChessBase"]
[SourceDate "2015.06.18"]
[SourceVersion "1"]
[SourceVersionDate "2015.06.18"]
[SourceQuality "1"]
[WhiteTeam "Chalons en Champagne"]
[BlackTeam "Mulhouse Philidor"]
[WhiteTeamCountry "FRA"]
[BlackTeamCountry "FRA"]

1. d4 Nf6 2. Nf3 g6 3. Bf4 Bg7 4. e3 0-0 5. h3 d6 6. Bh2 Nfd7 7. Be2 e5 8. 0-0 Qe7 9. Re1 e4 10. Nfd2 f5 11. Bc4+ Kh8 12. c3 Nf6 13. a4 Nbd7 14. Na3 Ne8 15. Rc1 Ndf6 16. Qb3 Nh5 17. Be2 Qh4 18. Bxh5 Qxh5 19. Nb5 a6 20. Nxc7 Nxc7 21. Bxd6 Ne6 22. Bxf8 Bxf8 23. Qd5 Qh4 24. Qe5+ Bg7 25. Qg3 Qe7 26. Nc4 Bd7 27. a5 Bb5 28. Nb6 Rd8 29. f4 Bf6 30. Red1 Bd3 31. Qf2 Qe8 32. d5 Nc5 33. Ra1 Qb5 34. b4 Nd7 35. Qd2 Nxb6 36. axb6 Qxb6 37. Qf2 Bxc3 38. Rac1 Bf6 39. g3 Qxb4 40. Rd2 Rxd5 41. Rc8+ Rd8 42. Rxd8+ Bxd8 43. g4 b5 44. g5 a5 45. Qe1 Qc3 46. Qf2 a4 47. h4 Ba5 48. Rd1 a3 49. h5 Qc2 50. Qxc2 Bxc2 51. Rd7 a2 0-1

[Event "FRA-chT4 1011"]
[Site "Champagne Ardennes"]
[Date "2011.01.16"]
[Round "4"]
[White "Veillerette, Chantal"]
[Black "Kerlau, Gildas"]
[Result "1-0"]
[WhiteElo "1640"]
[BlackElo "1820"]
[PlyCount "70"]
[EventDate "2010.10.10"]
[EventType "team-tourn"]
[EventRounds "7"]
[EventCountry "FRA"]
[SourceTitle "EXT 2024"]
[Source "ChessBase"]
[SourceDate "2023.10.10"]
[SourceVersion "1"]
[SourceVersionDate "2023.10.10"]
[SourceQuality "1"]

1. d4 Nf6 2. c4 e6 3. Nf3 d5 4. Nc3 c6 5. e3 Nbd7 6. Bd3 dxc4 7. Bxc4 b5 8. Bd3 a6 9. e4 Bb7 10. 0-0 c5 11. e5 Nd5 12. Nxd5 Bxd5 13. Re1 Bxf3 14. Qxf3 cxd4 15. Bd2 Rb8 16. Rac1 Qb6 17. Rc6 Qa7 18. Ba5 Qa8 19. Be4 Nxe5 20. Rxe6+ fxe6 21. Qh5+ Ng6 22. Bxa8 Rxa8 23. Rxe6+ Be7 24. Rxg6 0-0 25. Qd5+ Kh8 26. Re6 Bf6 27. Rxf6 gxf6 28. Qxd4 Rac8 29. g3 Rc6 30. Qe4 Rc1+ 31. Kg2 Rf7 32. Qa8+ Kg7 33. Qxa6 Ra1 34. Bc3 Rb1 35. Qxb5 Rc7 1-0

[Event "FRA-chT2D 0506"]
[Site "France"]
[Date "2006.04.20"]
[Round "10.9"]
[White "Veillerette, Chantal"]
[Black "Schmucker, Marie Christine"]
[Result "1-0"]
[WhiteElo "1760"]
[BlackElo "1499"]
[PlyCount "37"]
[EventDate "2005.10.27"]
[EventType "team-tourn"]
[EventRounds "11"]
[EventCountry "FRA"]
[SourceTitle "EXT 2006"]
[Source "ChessBase"]
[SourceDate "2005.11.24"]
[SourceVersion "1"]
[SourceVersionDate "2005.11.24"]
[SourceQuality "1"]
[WhiteTeam "Chalon"]
[BlackTeam "Paris NAO II"]
[WhiteTeamCountry "FRA"]
[BlackTeamCountry "FRA"]

1. d4 b6 2. e4 Bb7 3. Bd3 e6 4. Nf3 Nf6 5. Qe2 Be7 6. 0-0 d6 7. c4 Nbd7 8. Nc3 0-0 9. h3 c5 10. e5 dxe5 11. dxe5 Nh5 12. g4 Nhf6 13. exf6 Bxf6 14. Ne4 Re8 15. Nd6 Re7 16. Nxb7 Qc7 17. Qe4 Rae8 18. Qxh7+ Kf8 19. Qh8# 1-0

[Event "FRA-chT4 0506"]
[Site "France"]
[Date "2006.03.12"]
[Round "6"]
[White "Veillerette, Chantal"]
[Black "Munier, Germain"]
[Result "0-1"]
[WhiteElo "1760"]
[BlackElo "1750"]
[PlyCount "106"]
[EventDate "2005.10.02"]
[EventType "team"]
[EventRounds "9"]
[EventCountry "FRA"]
[SourceTitle "EXT 2007"]
[Source "ChessBase"]
[SourceDate "2006.11.23"]
[SourceVersion "1"]
[SourceVersionDate "2006.11.23"]
[SourceQuality "1"]

1. d4 Nf6 2. c4 g6 3. Nc3 Bg7 4. e4 0-0 5. Nf3 d6 6. Be2 c5 7. d5 e6 8. 0-0 exd5 9. cxd5 Re8 10. Nd2 Nbd7 11. f4 a6 12. a4 Rb8 13. Qc2 Nb6 14. Qd3 Bg4 15. Bf3 Qd7 16. a5 Na8 17. Nc4 Bxf3 18. Qxf3 b5 19. axb6 Nxb6 20. Na5 Qg4 21. h3 Qxf3 22. gxf3 Nc8 23. Nc4 Rb4 24. Nxd6 Nxd6 25. e5 Nc4 26. exf6 Bxf6 27. Rxa6 Bd4+ 28. Kh2 Nxb2 29. Ne4 f5 30. Ng5 Re2+ 31. Kh1 Nd3 32. Ra8+ Kg7 33. Ra7+ Kf8 34. Ne6+ Kg8 35. Ra8+ Kf7 36. Nxd4 Rxd4 37. Ra7+ Re7 38. Rxe7+ Kxe7 39. Ba3 Rxd5 40. Kg2 Nxf4+ 41. Kg3 Ne6 42. Re1 Kf7 43. h4 Rd3 44. Bb2 Nd4 45. Bxd4 Rxd4 46. Re5 Rc4 47. h5 Kf6 48. hxg6 hxg6 49. Re8 Rc3 50. Rc8 Kg5 51. Rc6 Rc2 52. f4+ Kh5 53. Rc8 Rc3+ 0-1

[Event "FRA-chT4 0506"]
[Site "France"]
[Date "2006.01.15"]
[Round "4"]
[White "Denis, Jean"]
[Black "Veillerette, Chantal"]
[Result "1-0"]
[WhiteElo "1680"]
[BlackElo "1760"]
[PlyCount "87"]
[EventDate "2005.10.02"]
[EventType "team"]
[EventRounds "9"]
[EventCountry "FRA"]
[SourceTitle "EXT 2007"]
[Source "ChessBase"]
[SourceDate "2006.11.23"]
[SourceVersion "1"]
[SourceVersionDate "2006.11.23"]
[SourceQuality "1"]

1. e4 e6 2. d4 d5 3. Nd2 Nf6 4. e5 Nfd7 5. Ngf3 c5 6. c3 Nc6 7. Bb5 cxd4 8. Bxc6 bxc6 9. cxd4 Ba6 10. Nb3 Be7 11. Qc2 Bb4+ 12. Bd2 Bxd2+ 13. Nfxd2 Qb6 14. f4 0-0 15. Nf3 f6 16. Rc1 Qb5 17. Kf2 Rac8 18. g3 Qb6 19. Nc5 Nxc5 20. dxc5 Qc7 21. Rhe1 Rb8 22. Nd4 Rbe8 23. Kg2 fxe5 24. Rxe5 Rf6 25. Qa4 Bb5 26. Qc2 Qa5 27. a3 Qa6 28. Rce1 Bd3 29. Qc3 Be4+ 30. Kg1 Kf7 31. b4 Rc8 32. Nf3 h6 33. Nd2 Bf5 34. Qf3 Rd8 35. Kf2 d4 36. g4 Bd3 37. Ne4 Bxe4 38. Qxe4 Qc4 39. Qxc6 Qc2+ 40. Kg3 Qb3+ 41. Kh4 g5+ 42. fxg5 hxg5+ 43. Rxg5 Rh8+ 44. Rh5 1-0

[Event "FRA-chT4 0506"]
[Site "France"]
[Date "2005.11.20"]
[Round "2"]
[White "Fourcart, Marc"]
[Black "Veillerette, Chantal"]
[Result "0-1"]
[WhiteElo "1730"]
[BlackElo "1650"]
[PlyCount "118"]
[EventDate "2005.10.02"]
[EventType "team"]
[EventRounds "9"]
[EventCountry "FRA"]
[SourceTitle "EXT 2007"]
[Source "ChessBase"]
[SourceDate "2006.11.23"]
[SourceVersion "1"]
[SourceVersionDate "2006.11.23"]
[SourceQuality "1"]

1. d4 Nf6 2. Nf3 g6 3. Bg5 Bg7 4. Nbd2 d5 5. g3 c6 6. Bg2 Nbd7 7. 0-0 h6 8. Bxf6 Nxf6 9. c4 e6 10. Rc1 0-0 11. cxd5 exd5 12. Ne5 h5 13. Qb3 Ne4 14. Nxe4 Bxe5 15. dxe5 dxe4 16. Bxe4 Kg7 17. Qc3 Be6 18. Rfd1 Qe7 19. f4 Rh8 20. h4 Rhd8 21. Bd3 Rd7 22. e4 f6 23. exf6+ Qxf6 24. Qxf6+ Kxf6 25. e5+ Kg7 26. Bc2 Rad8 27. a3 Rd2 28. Kf1 Bc4+ 29. Kg1 Kf7 30. b3 Be6 31. b4 R8d4 32. Rxd2 Rxd2 33. Kf1 Bh3+ 34. Ke1 Rg2 35. Bb3+ Ke7 36. Rc3 Rg1+ 37. Kd2 Rg2+ 38. Kc1 Rg1+ 39. Kb2 Rg2+ 40. Bc2 Bf5 41. Kb3 Bxc2+ 42. Rxc2 Rxg3+ 43. Rc3 Rg4 44. Rf3 Ke6 45. Kc4 Rxh4 46. Kc5 Rh1 47. Rg3 Rc1+ 48. Kd4 Kf5 49. e6 Rd1+ 50. Kc5 Kxe6 51. Rxg6+ Kf7 52. Rh6 Rd5+ 53. Kc4 Kg7 54. Re6 Kf7 55. Rh6 Kg7 56. Re6 h4 57. Re7+ Kg6 58. Rxb7 h3 59. Rb8 Rh5 0-1

[Event "FRA-chT (Women) 03rd"]
[Site "Evry"]
[Date "2003.02.09"]
[Round "3.3"]
[White "Veillerette, Chantal"]
[Black "Barbet, Lisa"]
[Result "1/2-1/2"]
[WhiteElo "1520"]
[BlackElo "1560"]
[PlyCount "81"]
[EventDate "2003.02.07"]
[EventRounds "7"]
[EventCountry "FRA"]
[SourceTitle "CBM 092 Extra"]
[Source "ChessBase"]
[SourceDate "2003.03.07"]
[SourceVersion "1"]
[SourceVersionDate "2003.03.07"]
[SourceQuality "1"]
[WhiteTeam "Chalons en Champagne (W)"]
[BlackTeam "Agneaux Saint Lo (W)"]
[WhiteTeamCountry "FRA"]
[BlackTeamCountry "FRA"]

1. d4 d5 2. c4 c6 3. Nf3 Nf6 4. Nc3 Bf5 5. cxd5 cxd5 6. Qb3 b6 7. Bf4 Nc6 8. e3 a6 9. a3 e6 10. Bxa6 Rxa6 11. Nb5 Qc8 12. Nc7+ Kd8 13. Qb5 Ra7 14. Qxc6 Rxc7 15. Bxc7+ Qxc7 16. Qxc7+ Kxc7 17. Rc1+ Kd6 18. Ne5 Bg6 19. Rc6+ Ke7 20. Rxb6 Ne8 21. Kd2 Kf6 22. g4 Bd6 23. Nd7+ Kg5 24. f3 h5 25. h4+ Kh6 26. g5+ Kh7 27. f4 Rg8 28. a4 Bc7 29. Ra6 Nd6 30. b3 Rd8 31. Nc5 Rb8 32. Kc1 Ne4 33. Kb2 Nd6 34. Kc3 Ne4+ 35. Nxe4 Bxe4 36. Rh2 Kg8 37. b4 Kf8 38. Rb2 Ke7 39. Ra7 Kd6 40. Ra6+ Kd7 41. b5 1/2-1/2

[Event "FRA-chT4 0102"]
[Site "Champagne Ardenne"]
[Date "2002.03.24"]
[Round "7"]
[White "Colin, Stephanie"]
[Black "Veillerette, Chantal"]
[Result "1-0"]
[WhiteElo "1770"]
[BlackElo "1499"]
[PlyCount "131"]
[EventDate "2002.10.??"]
[EventType "team"]
[EventRounds "7"]
[EventCountry "FRA"]
[SourceTitle "EXT 2005"]
[Source "ChessBase"]
[SourceDate "2004.11.15"]
[SourceVersion "1"]
[SourceVersionDate "2004.11.15"]
[SourceQuality "1"]

1. d4 Nf6 2. c4 g6 3. Nc3 Bg7 4. e4 0-0 5. Nf3 c6 6. Be2 d5 7. e5 Ne8 8. b3 Nc7 9. 0-0 f6 10. Bf4 Ne6 11. Bg3 Na6 12. Rb1 Qa5 13. Qd2 Qd8 14. b4 Nac7 15. b5 f5 16. h3 f4 17. Bh2 h6 18. Qc2 Qe8 19. bxc6 bxc6 20. cxd5 cxd5 21. Nb5 Nxb5 22. Bxb5 Bd7 23. Bxd7 Qxd7 24. Qxg6 Rac8 25. Qg4 Qc6 26. Rfd1 Qa6 27. Nh4 Rf7 28. Nf5 Kh7 29. Nxg7 Rxg7 30. Qf5+ Kg8 31. Rdc1 Rf8 32. Qh5 Kh7 33. Qd1 Ng5 34. Qc2+ Kh8 35. Kh1 Ne4 36. f3 Ng3+ 37. Bxg3 fxg3 38. Rb3 h5 39. a3 h4 40. Rc3 Qe6 41. Rc6 Qf7 42. Rc7 Qf4 43. Qc5 a5 44. Qxd5 Qd2 45. R7c2 Qh6 46. Qxa5 Qe3 47. Qc3 Qh6 48. a4 Rgf7 49. Qd2 Qxd2 50. Rxd2 e6 51. d5 exd5 52. Rxd5 Re7 53. Kg1 Rf4 54. a5 Ra4 55. Kf1 Kg7 56. Rcd1 Kf7 57. Ke2 Ra2+ 58. R1d2 Rxd2+ 59. Kxd2 Ke6 60. Rb5 Ra7 61. f4 Rd7+ 62. Ke3 Rd1 63. Rb2 Rd5 64. Ra2 Rb5 65. Kf3 Kf5 66. a6 1-0